Retentions Payments under NEC Contracts (Record no. 121396)
[ view plain ]
| 000 -LEADER | |
|---|---|
| fixed length control field | 00974nam a22002057a 4500 |
| 008 - FIXED-LENGTH DATA ELEMENTS--GENERAL INFORMATION | |
| fixed length control field | 230316s2022 xxk|||||o|||| 00| 0 eng d |
| 041 ## - LANGUAGE CODE | |
| Language code of text/sound track or separate title | eng |
| 245 ## - TITLE STATEMENT | |
| Title | Retentions Payments under NEC Contracts |
| 260 ## - PUBLICATION INFORMATION | |
| Publisher | Construction Leadership Council, |
| Date | November 2022 |
| 300 ## - PHYSICAL DESCRIPTION | |
| Physical description | 5p. |
| 520 ## - ABSTRACT | |
| Abstract | The Construction Leadership Council (CLC) in collaboration with NEC has published joint guidance to industry on the use of retention clauses under NEC3 and NEC4 Engineering and Construct Contracts (ECC), and sub-contracts. |
| 650 ## - KEYWORDS | |
| Keywords | RETENTION PAYMENTS |
| 650 ## - KEYWORDS | |
| Keywords | NEC CONTRACTS |
| 651 ## - SUBJECT ADDED ENTRY--GEOGRAPHIC NAME | |
| Geographic name | International |
| 690 ## - BROAD SUBJECT | |
| 9 (RLIN) | 6230 |
| Broad subject | Construction management |
| 710 ## - ADDED CORPORATE NAME | |
| Added corporate author | Construction Leadership Council |
| 710 ## - ADDED CORPORATE NAME | |
| Added corporate author | NEC Contracts |
| 856 ## - ONLINE RESOURCE | |
| Uniform Resource Identifier | <a href="https://www.constructionleadershipcouncil.co.uk/wp-content/uploads/2022/11/NEC-and-CLC-Guidance-for-Dealing-with-Retention-Payments-Under-NEC3-and-NEC4-Contracts-15.11.22.pdf">https://www.constructionleadershipcouncil.co.uk/wp-content/uploads/2022/11/NEC-and-CLC-Guidance-for-Dealing-with-Retention-Payments-Under-NEC3-and-NEC4-Contracts-15.11.22.pdf</a> |
| Public note | Available from the CLC |
| 942 ## - ADDED ENTRY ELEMENTS (KOHA) | |
| Suppress in OPAC | Do not suppress in OPAC |
| Lost status | Damaged status | Not for loan | Home library | Current library | Shelving location | Date acquired | Total Checkouts | Date last seen | Price effective from | Koha item type |
|---|---|---|---|---|---|---|---|---|---|---|
| Virtual | Virtual | Online | 16/03/2023 | 17/03/2023 | 16/03/2023 | Online material |